00297nam a2200121Ia 4500003000400000008004100004040001600045082001800061245003400079260004600113300001100159490000500170GCL140319s9999 xx 000 0 ara d aGCL / cGCL04a301.32bا ب10aالبداوة المنقذة a[S.N] : bدار الاصالة ، c1978 a151 ص a